| 000 | 00483nam a2200193 4500 | ||
|---|---|---|---|
| 003 | SEACOMEC | ||
| 005 | 20240404145525.0 | ||
| 008 | 231006b |||||||| |||| 00| 0 eng d | ||
| 020 | _cRs. 300.00 | ||
| 040 | _aSEACOMEC | ||
| 082 |
_a621.4022 _bS948 |
||
| 100 | 1 | _aSukhatme, S.P. | |
| 245 | 1 | 2 |
_aA Textbook on Heat transfer _cS.P. Sukhatme |
| 250 | _a4th ed. | ||
| 260 |
_aHyderabad _bUniversities _c2005 |
||
| 650 | _aApplied physics | ||
| 650 | _aHeat engineering | ||
| 942 | _cBOOK | ||
| 999 |
_c115 _d115 |
||